[Event "Blitz 2018"]
[Site "Saint-Petersburg"]
[Date "2018.12.29"]
[Round "11"]
[Board "66"]
[White "Anton Guijarro David (ESP)"]
[Black "Drygalov Andrey (RUS)"]
[Result "1-0"]
[LiveChessVersion "1.4.8"]
[BlackElo "2509"]
[WhiteElo "2631"]

1. Nf3 {[%clk 0:03:02]} Nf6 {[%clk 0:03:03]} 2. b3 {[%clk 0:03:03]} d5
{[%clk 0:03:02]} 3. Bb2 {[%clk 0:03:04]} Bf5 {[%clk 0:03:02]} 4. g3
{[%clk 0:03:05]} c6 {[%clk 0:03:03]} 5. Bg2 {[%clk 0:03:05]} h6 {[%clk 0:03:03]}
6. O-O {[%clk 0:03:06]} e6 {[%clk 0:03:04]} 7. d3 {[%clk 0:03:07]} Be7
{[%clk 0:03:05]} 8. Nbd2 {[%clk 0:03:08]} O-O {[%clk 0:03:04]} 9. Re1
{[%clk 0:03:08]} Nbd7 {[%clk 0:03:04]} 10. e4 {[%clk 0:03:07]} Bh7
{[%clk 0:03:03]} 11. Qe2 {[%clk 0:03:07]} a5 {[%clk 0:03:02]} 12. a4
{[%clk 0:03:07]} Qb8 {[%clk 0:02:54]} 13. e5 {[%clk 0:03:08]} Ne8
{[%clk 0:02:55]} 14. Nd4 {[%clk 0:03:08]} Bc5 {[%clk 0:02:09]} 15. h4
{[%clk 0:03:02]} Ra6 {[%clk 0:02:09]} 16. N2f3 {[%clk 0:02:54]} b5
{[%clk 0:02:06]} 17. Bh3 {[%clk 0:02:48]} bxa4 {[%clk 0:02:03]} 18. Nxe6
{[%clk 0:02:16]} fxe6 {[%clk 0:01:31]} 19. Bxe6+ {[%clk 0:02:17]} Kh8
{[%clk 0:01:32]} 20. Bxd7 {[%clk 0:02:17]} Bb4 {[%clk 0:01:18]} 21. e6
{[%clk 0:02:00]} Bxe1 {[%clk 0:01:15]} 22. Rxe1 {[%clk 0:02:01]} c5
{[%clk 0:00:47]} 23. Ne5 {[%clk 0:01:53]} d4 {[%clk 0:00:46]} 24. Ba3
{[%clk 0:01:43]} Nc7 {[%clk 0:00:06]} 25. e7 {[%clk 0:01:31]} Rff6
{[%clk 0:00:05]} 26. Bxc5 {[%clk 0:01:13]} axb3 {[%clk 0:00:06]} 27. cxb3
{[%clk 0:01:13]} Qxb3 {[%clk 0:00:06]} 28. Bxd4 {[%clk 0:01:06]} Qd5
{[%clk 0:00:07]} 29. Ba1 {[%clk 0:01:02]} Bg8 {[%clk 0:00:05]} 30. e8=R
{[%clk 0:00:46]} Nxe8 {[%clk 0:00:06]} 31. Bxe8 {[%clk 0:00:47]} Rae6
{[%clk 0:00:05]} 32. Ba4 {[%clk 0:00:40]} Rd6 {[%clk 0:00:04]} 33. Bc2
{[%clk 0:00:35]} Qa2 {[%clk 0:00:05]} 34. Qd1 {[%clk 0:00:27]} Qd5
{[%clk 0:00:04]} 35. Nc4 {[%clk 0:00:24]} Rd8 {[%clk 0:00:05]} 36. Bxf6
{[%clk 0:00:25]} gxf6 {[%clk 0:00:06]} 37. Qc1 {[%clk 0:00:25]} Kg7
{[%clk 0:00:06]} 38. Qf4 {[%clk 0:00:26]} Bf7 {[%clk 0:00:05]} 39. Re7
{[%clk 0:00:26]} Qc5 {[%clk 0:00:05]} 40. Rc7 {[%clk 0:00:25]} Qb4
{[%clk 0:00:04]} 41. Ne3 {[%clk 0:00:23]} Qxf4 {[%clk 0:00:05]} 42. gxf4
{[%clk 0:00:24]} Kf8 {[%clk 0:00:04]} 43. Ra7 {[%clk 0:00:23]} Rd4
{[%clk 0:00:05]} 44. Rxa5 {[%clk 0:00:20]} Rxf4 {[%clk 0:00:06]} 45. Rf5
{[%clk 0:00:18]} Rxh4 {[%clk 0:00:07]} 46. Rxf6 {[%clk 0:00:19]} Rb4
{[%clk 0:00:06]} 47. Kh2 {[%clk 0:00:16]} h5 {[%clk 0:00:07]} 48. Bd1
{[%clk 0:00:16]} Kg7 {[%clk 0:00:07]} 49. Rf3 {[%clk 0:00:15]} h4
{[%clk 0:00:06]} 50. Rf5 {[%clk 0:00:12]} Bg6 {[%clk 0:00:06]} 51. Rd5
{[%clk 0:00:11]} Rf4 {[%clk 0:00:07]} 52. Kg1 {[%clk 0:00:11]} h3
{[%clk 0:00:07]} 53. Bg4 {[%clk 0:00:09]} h2+ {[%clk 0:00:07]} 54. Kxh2
{[%clk 0:00:10]} Rxf2+ {[%clk 0:00:09]} 55. Kg3 {[%clk 0:00:11]} Rd2
{[%clk 0:00:10]} 56. Bf5 {[%clk 0:00:11]} Bf7 {[%clk 0:00:11]} 57. Rd6
{[%clk 0:00:12]} Re2 {[%clk 0:00:08]} 58. Kf4 {[%clk 0:00:13]} Rf2+
{[%clk 0:00:06]} 59. Kg5 {[%clk 0:00:12]} Rf3 {[%clk 0:00:07]} 60. Ng4
{[%clk 0:00:11]} Rg3 {[%clk 0:00:07]} 61. d4 {[%clk 0:00:11]} Be8
{[%clk 0:00:05]} 62. Rb6 {[%clk 0:00:10]} Kf8 {[%clk 0:00:03]} 63. Kf6
{[%clk 0:00:09]} Rc3 {[%clk 0:00:04]} 64. Rb8 {[%clk 0:00:09]} Rc6+
{[%clk 0:00:04]} 65. Ke5 {[%clk 0:00:07]} Ke7 {[%clk 0:00:03]} 66. Rb7+
{[%clk 0:00:08]} Kd8 {[%clk 0:00:04]} 67. Nf6 {[%clk 0:00:07]} 1-0

[Event "Blitz 2018"]
[Site "Saint-Petersburg"]
[Date "2018.12.29"]
[Round "11"]
[Board "68"]
[White "Lintchevski Daniil (RUS)"]
[Black "Anisimov Pavel (RUS)"]
[Result "1/2-1/2"]
[LiveChessVersion "1.4.8"]
[BlackElo "2519"]
[WhiteElo "2594"]

1. e4 {[%clk 0:03:03]} c5 {[%clk 0:03:03]} 2. Nf3 {[%clk 0:03:04]} d6
{[%clk 0:03:03]} 3. d4 {[%clk 0:03:05]} cxd4 {[%clk 0:03:03]} 4. Nxd4
{[%clk 0:03:05]} Nf6 {[%clk 0:03:01]} 5. Nc3 {[%clk 0:03:06]} Nc6
{[%clk 0:03:02]} 6. Be2 {[%clk 0:03:07]} g6 {[%clk 0:03:00]} 7. Be3
{[%clk 0:03:08]} Bg7 {[%clk 0:03:00]} 8. Qd2 {[%clk 0:03:09]} h5 {[%clk 0:02:34]}
9. f3 {[%clk 0:03:01]} Bd7 {[%clk 0:02:19]} 10. O-O-O {[%clk 0:03:00]} a6
{[%clk 0:02:14]} 11. Kb1 {[%clk 0:03:01]} Rc8 {[%clk 0:02:08]} 12. Nxc6
{[%clk 0:02:49]} Bxc6 {[%clk 0:02:05]} 13. Nd5 {[%clk 0:02:47]} Bxd5
{[%clk 0:01:49]} 14. exd5 {[%clk 0:02:47]} b5 {[%clk 0:01:40]} 15. Bd4
{[%clk 0:02:28]} O-O {[%clk 0:01:34]} 16. g4 {[%clk 0:02:24]} hxg4
{[%clk 0:01:16]} 17. fxg4 {[%clk 0:02:25]} Qc7 {[%clk 0:01:16]} 18. c3
{[%clk 0:02:20]} Qb7 {[%clk 0:00:58]} 19. g5 {[%clk 0:02:17]} Nd7
{[%clk 0:00:46]} 20. Bxg7 {[%clk 0:01:57]} Kxg7 {[%clk 0:00:47]} 21. h4
{[%clk 0:01:58]} Ne5 {[%clk 0:00:46]} 22. h5 {[%clk 0:01:56]} gxh5
{[%clk 0:00:42]} 23. Bxh5 {[%clk 0:01:40]} Rh8 {[%clk 0:00:43]} 24. Be2
{[%clk 0:01:26]} Qd7 {[%clk 0:00:43]} 25. Qf4 {[%clk 0:01:16]} Rxh1
{[%clk 0:00:39]} 26. Rxh1 {[%clk 0:01:17]} Rh8 {[%clk 0:00:39]} 27. Rh6
{[%clk 0:01:15]} Qa7 {[%clk 0:00:24]} 28. Qh2 {[%clk 0:01:07]} Rxh6
{[%clk 0:00:21]} 29. gxh6+ {[%clk 0:01:08]} Kh7 {[%clk 0:00:16]} 30. Bd1
{[%clk 0:01:06]} Qe3 {[%clk 0:00:13]} 31. Bc2+ {[%clk 0:01:05]} Ng6
{[%clk 0:00:14]} 32. a4 {[%clk 0:00:56]} Qxh6 {[%clk 0:00:12]} 33. Qg1
{[%clk 0:00:48]} bxa4 {[%clk 0:00:11]} 34. Qf1 {[%clk 0:00:46]} Kg7
{[%clk 0:00:08]} 35. Bxa4 {[%clk 0:00:47]} a5 {[%clk 0:00:09]} 36. Bc2
{[%clk 0:00:45]} Qg5 {[%clk 0:00:10]} 1/2-1/2

[Event "Blitz 2018"]
[Site "Saint-Petersburg"]
[Date "2018.12.29"]
[Round "11"]
[Board "69"]
[White "Gasanov Eldar (UKR)"]
[Black "Lobanov Sergei (RUS)"]
[Result "1-0"]
[LiveChessVersion "1.4.8"]
[BlackElo "2434"]
[WhiteElo "2581"]

1. c4 {[%clk 0:03:02]} e5 {[%clk 0:03:03]} 2. Nc3 {[%clk 0:03:01]} Nf6
{[%clk 0:03:04]} 3. Nf3 {[%clk 0:02:57]} Nc6 {[%clk 0:03:05]} 4. e3
{[%clk 0:02:58]} Bb4 {[%clk 0:03:06]} 5. Qc2 {[%clk 0:02:58]} O-O
{[%clk 0:03:04]} 6. Nd5 {[%clk 0:02:58]} Be7 {[%clk 0:03:02]} 7. Ng5
{[%clk 0:02:55]} g6 {[%clk 0:03:00]} 8. Nxe7+ {[%clk 0:02:40]} Qxe7
{[%clk 0:03:00]} 9. a3 {[%clk 0:02:35]} d6 {[%clk 0:02:24]} 10. Be2
{[%clk 0:02:18]} Bf5 {[%clk 0:02:02]} 11. d3 {[%clk 0:02:10]} h6 {[%clk 0:01:56]}
12. Nf3 {[%clk 0:01:58]} e4 {[%clk 0:01:42]} 13. dxe4 {[%clk 0:01:53]} Nxe4
{[%clk 0:01:22]} 14. Bd3 {[%clk 0:01:49]} Rae8 {[%clk 0:01:18]} 15. b3
{[%clk 0:01:31]} Bc8 {[%clk 0:01:05]} 16. Bb2 {[%clk 0:01:27]} f5
{[%clk 0:01:06]} 17. O-O {[%clk 0:01:19]} a5 {[%clk 0:00:54]} 18. Rfe1
{[%clk 0:01:06]} b6 {[%clk 0:00:54]} 19. Rad1 {[%clk 0:00:57]} Bb7
{[%clk 0:00:54]} 20. Ba1 {[%clk 0:00:49]} Kh7 {[%clk 0:00:51]} 21. Nd4
{[%clk 0:00:40]} Ne5 {[%clk 0:00:37]} 22. Bf1 Qf7 {[%clk 0:00:08]} 23. f3
{[%clk 0:00:28]} Nf6 {[%clk 0:00:08]} 24. b4 {[%clk 0:00:22]} axb4
{[%clk 0:00:09]} 25. axb4 {[%clk 0:00:23]} Ned7 {[%clk 0:00:07]} 26. Nb5
{[%clk 0:00:21]} Ne5 {[%clk 0:00:06]} 27. c5 {[%clk 0:00:09]} bxc5
{[%clk 0:00:04]} 28. bxc5 {[%clk 0:00:09]} dxc5 {[%clk 0:00:04]} 29. Qxc5
{[%clk 0:00:08]} Ned7 1-0

[Event "Blitz 2018"]
[Site "Saint-Petersburg"]
[Date "2018.12.29"]
[Round "11"]
[Board "70"]
[White "Gareyev Timur (USA)"]
[Black "Pershin Denis (RUS)"]
[Result "1/2-1/2"]
[LiveChessVersion "1.4.8"]
[BlackElo "2354"]
[WhiteElo "2577"]

1. d4 {[%clk 0:03:01]} d5 {[%clk 0:03:04]} 2. c4 {[%clk 0:03:02]} c6
{[%clk 0:03:05]} 3. Nc3 {[%clk 0:03:01]} Nf6 {[%clk 0:03:06]} 4. Nf3
{[%clk 0:03:02]} e6 {[%clk 0:03:07]} 5. Bg5 {[%clk 0:02:59]} Nbd7
{[%clk 0:03:08]} 6. Qb3 {[%clk 0:02:26]} Qa5 {[%clk 0:02:52]} 7. cxd5
{[%clk 0:02:19]} exd5 {[%clk 0:02:51]} 8. e3 {[%clk 0:01:57]} Ne4
{[%clk 0:02:52]} 9. Bd3 {[%clk 0:01:53]} Nxg5 {[%clk 0:02:51]} 10. Nxg5
{[%clk 0:01:54]} h6 {[%clk 0:02:44]} 11. Nf3 {[%clk 0:01:50]} Bd6
{[%clk 0:02:42]} 12. h3 {[%clk 0:01:35]} Nf6 {[%clk 0:01:43]} 13. O-O
{[%clk 0:01:19]} O-O {[%clk 0:01:36]} 14. Qc2 {[%clk 0:01:11]} Re8
{[%clk 0:01:35]} 15. Rab1 {[%clk 0:01:07]} Qc7 {[%clk 0:01:30]} 16. b4
{[%clk 0:01:07]} Qe7 {[%clk 0:01:31]} 17. b5 {[%clk 0:01:08]} c5 {[%clk 0:01:27]}
18. dxc5 {[%clk 0:00:55]} Bxc5 {[%clk 0:01:28]} 19. Rfd1 {[%clk 0:00:37]} Be6
{[%clk 0:01:18]} 20. Ne2 {[%clk 0:00:36]} Rac8 {[%clk 0:01:17]} 21. Qa4
{[%clk 0:00:32]} Ne4 {[%clk 0:01:00]} 22. Rbc1 {[%clk 0:00:29]} Nxf2
{[%clk 0:00:48]} 23. Kxf2 {[%clk 0:00:28]} Bxe3+ {[%clk 0:00:49]} 24. Kxe3
{[%clk 0:00:23]} Bf5+ {[%clk 0:00:50]} 25. Kf2 {[%clk 0:00:14]} Bxd3
{[%clk 0:00:50]} 26. Nf4 {[%clk 0:00:09]} Qe3+ {[%clk 0:00:51]} 27. Kg3
{[%clk 0:00:08]} Rxc1 {[%clk 0:00:40]} 28. Rxd3 {[%clk 0:00:09]} Qe4
{[%clk 0:00:34]} 29. Rd4 {[%clk 0:00:08]} Qe3 {[%clk 0:00:27]} 30. Nxd5
{[%clk 0:00:07]} Qe2 {[%clk 0:00:09]} 31. Nf4 {[%clk 0:00:07]} Qe3
{[%clk 0:00:10]} 32. Rd3 {[%clk 0:00:07]} Qe7 {[%clk 0:00:08]} 33. Qxa7
{[%clk 0:00:08]} g5 {[%clk 0:00:07]} 34. Nh5 {[%clk 0:00:04]} Qc7+
{[%clk 0:00:06]} 35. Kg4 {[%clk 0:00:03]} Rc4+ {[%clk 0:00:07]} 36. Rd4
{[%clk 0:00:04]} Rxd4+ {[%clk 0:00:07]} 37. Qxd4 {[%clk 0:00:05]} f5+
{[%clk 0:00:07]} 38. Kxf5 {[%clk 0:00:06]} Qf7+ {[%clk 0:00:06]} 39. Nf6+
{[%clk 0:00:07]} Kh8 {[%clk 0:00:06]} 40. Kg4 {[%clk 0:00:07]} Qe6+
{[%clk 0:00:03]} 41. Kg3 {[%clk 0:00:07]} Re7 {[%clk 0:00:04]} 42. Ng4+
{[%clk 0:00:07]} Kh7 {[%clk 0:00:06]} 43. Qd3+ {[%clk 0:00:07]} Kg8
{[%clk 0:00:07]} 44. Qd5 {[%clk 0:00:06]} Qxd5 {[%clk 0:00:07]} 45. Nf6+
{[%clk 0:00:07]} Kf7 {[%clk 0:00:07]} 46. Nxd5 {[%clk 0:00:08]} Re2
{[%clk 0:00:08]} 47. a4 {[%clk 0:00:08]} Ra2 {[%clk 0:00:09]} 48. Nc3
{[%clk 0:00:09]} Ra3 {[%clk 0:00:10]} 49. Ne4 {[%clk 0:00:10]} Rxa4
{[%clk 0:00:11]} 50. Nd6+ {[%clk 0:00:08]} Ke7 {[%clk 0:00:08]} 51. Nf5+
{[%clk 0:00:08]} Kf6 {[%clk 0:00:06]} 52. Nxh6 {[%clk 0:00:07]} Rb4
{[%clk 0:00:06]} 53. Ng4+ {[%clk 0:00:08]} Kg7 {[%clk 0:00:04]} 54. Kf2
{[%clk 0:00:09]} Rxb5 {[%clk 0:00:05]} 55. Nge5 {[%clk 0:00:08]} Kf6
{[%clk 0:00:06]} 56. Ng4+ {[%clk 0:00:06]} Kg7 {[%clk 0:00:06]} 57. Ke3
{[%clk 0:00:07]} Kg6 {[%clk 0:00:06]} 58. Nd4 {[%clk 0:00:08]} Rb2
{[%clk 0:00:05]} 59. g3 {[%clk 0:00:08]} b5 {[%clk 0:00:05]} 60. Ne5+
{[%clk 0:00:08]} Kf6 {[%clk 0:00:05]} 61. Nd3 {[%clk 0:00:09]} Rb1
{[%clk 0:00:06]} 62. Ne2 {[%clk 0:00:07]} Rh1 {[%clk 0:00:05]} 63. Nc3
{[%clk 0:00:06]} Rxh3 {[%clk 0:00:06]} 64. Kf3 {[%clk 0:00:05]} b4
{[%clk 0:00:06]} 65. Nd5+ {[%clk 0:00:05]} Kf5 {[%clk 0:00:06]} 66. Ne3+
{[%clk 0:00:07]} Kg6 {[%clk 0:00:06]} 67. Nxb4 {[%clk 0:00:08]} g4+
{[%clk 0:00:06]} 68. Kf4 {[%clk 0:00:07]} Rxg3 {[%clk 0:00:07]} 69. Kxg3
{[%clk 0:00:08]} Kf6 {[%clk 0:00:08]} 70. Nd3 {[%clk 0:00:09]} Kg6
{[%clk 0:00:07]} 71. Ng2 {[%clk 0:00:10]} Kf5 {[%clk 0:00:08]} 72. Nh4+
{[%clk 0:00:11]} Ke4 {[%clk 0:00:09]} 73. Nf2+ {[%clk 0:00:12]} Ke3
{[%clk 0:00:11]} 74. Nf5+ {[%clk 0:00:13]} Kd2 {[%clk 0:00:10]} 75. Ne4+
{[%clk 0:00:13]} Kd3 {[%clk 0:00:12]} 76. Ned6 {[%clk 0:00:13]} Kd2
{[%clk 0:00:11]} 77. Nd4 {[%clk 0:00:14]} Kd3 {[%clk 0:00:12]} 78. Ne6
{[%clk 0:00:15]} Ke3 {[%clk 0:00:13]} 79. Ng5 {[%clk 0:00:16]} Kd4
{[%clk 0:00:14]} 80. Nde4 {[%clk 0:00:17]} Ke5 {[%clk 0:00:16]} 81. Nd2
{[%clk 0:00:19]} Kf5 {[%clk 0:00:17]} 82. Nge4 {[%clk 0:00:20]} Ke5
{[%clk 0:00:18]} 83. Nf2 {[%clk 0:00:21]} Kd4 {[%clk 0:00:20]} 84. Nf1
{[%clk 0:00:23]} Ke5 {[%clk 0:00:21]} 85. Nd3+ {[%clk 0:00:23]} Kd4
{[%clk 0:00:22]} 86. Nf4 {[%clk 0:00:25]} Ke5 {[%clk 0:00:23]} 87. Nh5
{[%clk 0:00:26]} Kd4 {[%clk 0:00:25]} 88. Ng7 {[%clk 0:00:23]} Ke4
{[%clk 0:00:26]} 89. Nd2+ {[%clk 0:00:23]} Kd3 {[%clk 0:00:27]} 90. Nb3
{[%clk 0:00:24]} Ke4 {[%clk 0:00:28]} 91. Nh5 {[%clk 0:00:25]} Kf5
{[%clk 0:00:28]} 92. Nc1 {[%clk 0:00:24]} Ke4 {[%clk 0:00:30]} 93. Nf4
{[%clk 0:00:24]} Ke3 {[%clk 0:00:31]} 94. Ng2+ {[%clk 0:00:25]} Ke4
{[%clk 0:00:32]} 95. Nb3 {[%clk 0:00:22]} Kd3 {[%clk 0:00:33]} 96. Kf4
{[%clk 0:00:21]} g3 {[%clk 0:00:34]} 97. Nc5+ {[%clk 0:00:23]} Kd4
{[%clk 0:00:35]} 98. Ne6+ {[%clk 0:00:23]} Kd5 {[%clk 0:00:36]} 99. Ng7
{[%clk 0:00:22]} Kd4 {[%clk 0:00:37]} 100. Nf5+ {[%clk 0:00:24]} Kd5
{[%clk 0:00:39]} 101. Nfh4 {[%clk 0:00:22]} Kd4 {[%clk 0:00:40]} 102. Nf3+
{[%clk 0:00:22]} Kd5 {[%clk 0:00:38]} 103. Kf5 {[%clk 0:00:22]} Kc5
{[%clk 0:00:28]} 104. Ke4 {[%clk 0:00:23]} Kc4 {[%clk 0:00:28]} 105. Nd2+
{[%clk 0:00:23]} Kc5 {[%clk 0:00:29]} 106. Ke5 {[%clk 0:00:23]} Kc6
{[%clk 0:00:30]} 107. Ne4 {[%clk 0:00:24]} Kc7 {[%clk 0:00:31]} 108. Kd5
{[%clk 0:00:24]} Kd7 {[%clk 0:00:32]} 109. Nc5+ {[%clk 0:00:24]} Kc7
{[%clk 0:00:33]} 110. Nd3 {[%clk 0:00:21]} Kd7 {[%clk 0:00:34]} 111. Ne5+
{[%clk 0:00:22]} Kc7 {[%clk 0:00:29]} 112. Ke6 {[%clk 0:00:23]} Kb7
{[%clk 0:00:26]} 113. Kd6 {[%clk 0:00:23]} Kb6 {[%clk 0:00:27]} 114. Nd7+
{[%clk 0:00:21]} Kb5 {[%clk 0:00:28]} 115. Kd5 {[%clk 0:00:22]} Kb4
{[%clk 0:00:26]} 116. Kd4 {[%clk 0:00:22]} Kb5 {[%clk 0:00:28]} 117. Ne5
{[%clk 0:00:22]} Kb6 {[%clk 0:00:28]} 118. Kd5 {[%clk 0:00:23]} Kb5
{[%clk 0:00:30]} 119. Nc6 {[%clk 0:00:23]} Kb6 {[%clk 0:00:31]} 120. Nd4
{[%clk 0:00:24]} Kc7 {[%clk 0:00:27]} 121. Ke6 {[%clk 0:00:25]} Kb7
{[%clk 0:00:26]} 122. Kd6 {[%clk 0:00:26]} Kb6 {[%clk 0:00:28]} 123. Ne3
{[%clk 0:00:26]} g2 {[%clk 0:00:28]} 124. Nc4+ {[%clk 0:00:27]} Kb7
{[%clk 0:00:26]} 125. Nf3 Kc6+ 1/2-1/2

[Event "Blitz 2018"]
[Site "Saint-Petersburg"]
[Date "2018.12.29"]
[Round "11"]
[Board "71"]
[White "Sakaev Konstantin (RUS)"]
[Black "Kabanov Nikolai (RUS)"]
[Result "1-0"]
[LiveChessVersion "1.4.8"]
[BlackElo "2311"]
[WhiteElo "2551"]

1. d4 {[%clk 0:03:03]} Nf6 {[%clk 0:03:03]} 2. c4 {[%clk 0:03:04]} d6
{[%clk 0:03:03]} 3. Nc3 {[%clk 0:03:03]} Nbd7 {[%clk 0:03:03]} 4. e4
{[%clk 0:03:01]} e5 {[%clk 0:03:04]} 5. Nf3 {[%clk 0:03:02]} c6 {[%clk 0:03:04]}
6. Be2 {[%clk 0:03:02]} g6 {[%clk 0:03:04]} 7. O-O {[%clk 0:02:59]} Bg7
{[%clk 0:03:05]} 8. d5 {[%clk 0:02:46]} c5 {[%clk 0:03:02]} 9. Ne1
{[%clk 0:02:33]} O-O {[%clk 0:02:53]} 10. Nd3 {[%clk 0:02:34]} h6
{[%clk 0:02:38]} 11. Rb1 {[%clk 0:02:34]} Nb6 {[%clk 0:02:37]} 12. b4
{[%clk 0:02:17]} Nxc4 {[%clk 0:02:16]} 13. bxc5 {[%clk 0:02:15]} dxc5
{[%clk 0:02:16]} 14. Nxc5 {[%clk 0:02:10]} Nd6 {[%clk 0:02:16]} 15. Ba3
{[%clk 0:01:31]} Re8 {[%clk 0:01:59]} 16. Qd3 {[%clk 0:01:22]} b6
{[%clk 0:01:45]} 17. Nb3 {[%clk 0:01:18]} Nfxe4 {[%clk 0:01:21]} 18. Nxe4
{[%clk 0:01:17]} Nxe4 {[%clk 0:01:22]} 19. Qxe4 {[%clk 0:01:18]} Bf5
{[%clk 0:01:22]} 20. Qc4 {[%clk 0:01:09]} Rc8 {[%clk 0:01:15]} 21. Qb5
{[%clk 0:01:09]} Bxb1 {[%clk 0:01:10]} 22. Rxb1 {[%clk 0:01:10]} Rc2
{[%clk 0:00:53]} 23. Rb2 {[%clk 0:00:49]} a6 {[%clk 0:00:43]} 24. Qxe8+
{[%clk 0:00:42]} Qxe8 {[%clk 0:00:44]} 25. Rxc2 {[%clk 0:00:43]} Qa4
{[%clk 0:00:37]} 26. Be7 {[%clk 0:00:35]} Qe4 {[%clk 0:00:35]} 27. Rd2
{[%clk 0:00:35]} Qb1+ {[%clk 0:00:17]} 28. Bf1 {[%clk 0:00:31]} e4
{[%clk 0:00:15]} 29. d6 {[%clk 0:00:29]} e3 {[%clk 0:00:15]} 30. d7
{[%clk 0:00:20]} 1-0

[Event "Blitz 2018"]
[Site "Saint-Petersburg"]
[Date "2018.12.29"]
[Round "11"]
[Board "72"]
[White "Zablotsky Sergei (RUS)"]
[Black "Al-Sayed Mohammed (QAT)"]
[Result "0-1"]
[LiveChessVersion "1.4.8"]
[BlackElo "2547"]
[WhiteElo "2459"]

1. Nf3 {[%clk 0:03:02]} d5 {[%clk 0:03:03]} 2. g3 {[%clk 0:03:02]} c6
{[%clk 0:03:04]} 3. Bg2 {[%clk 0:03:03]} Bg4 {[%clk 0:03:05]} 4. O-O
{[%clk 0:03:00]} Nd7 {[%clk 0:03:06]} 5. d4 {[%clk 0:02:59]} e6 {[%clk 0:03:06]}
6. c4 {[%clk 0:02:57]} Ngf6 {[%clk 0:02:57]} 7. Ne5 {[%clk 0:02:55]} Bf5
{[%clk 0:02:43]} 8. Nc3 {[%clk 0:02:55]} Be7 {[%clk 0:02:38]} 9. h3
{[%clk 0:02:51]} Nxe5 {[%clk 0:02:20]} 10. dxe5 {[%clk 0:02:51]} Nd7
{[%clk 0:02:20]} 11. cxd5 {[%clk 0:02:34]} exd5 {[%clk 0:02:21]} 12. g4
{[%clk 0:02:26]} Be6 {[%clk 0:01:59]} 13. f4 {[%clk 0:02:25]} Bc5+
{[%clk 0:01:57]} 14. e3 {[%clk 0:02:23]} h5 {[%clk 0:01:28]} 15. f5
{[%clk 0:02:18]} Nxe5 {[%clk 0:01:28]} 16. fxe6 {[%clk 0:02:12]} hxg4
{[%clk 0:01:29]} 17. exf7+ {[%clk 0:02:03]} Kf8 {[%clk 0:01:30]} 18. hxg4
{[%clk 0:01:17]} Qh4 {[%clk 0:01:30]} 19. Rf4 {[%clk 0:01:17]} g5
{[%clk 0:01:10]} 20. Rd4 {[%clk 0:01:04]} Qg3 {[%clk 0:00:58]} 21. Qe2
{[%clk 0:00:27]} Bxd4 {[%clk 0:00:54]} 22. exd4 {[%clk 0:00:27]} Nxg4
{[%clk 0:00:54]} 23. Kf1 {[%clk 0:00:16]} Nh2+ {[%clk 0:00:41]} 24. Kg1
{[%clk 0:00:18]} Ng4 {[%clk 0:00:42]} 25. Kf1 {[%clk 0:00:18]} Rh1+
{[%clk 0:00:43]} 26. Bxh1 {[%clk 0:00:19]} Nh2+ {[%clk 0:00:44]} 27. Qxh2
{[%clk 0:00:19]} Qxh2 {[%clk 0:00:45]} 28. Bg2 {[%clk 0:00:14]} Qg3
{[%clk 0:00:45]} 29. Ne2 {[%clk 0:00:11]} Qd3 {[%clk 0:00:44]} 30. Bxg5
{[%clk 0:00:09]} Kxf7 {[%clk 0:00:42]} 31. Kf2 {[%clk 0:00:07]} Rg8
{[%clk 0:00:40]} 32. Bf4 {[%clk 0:00:03]} Rxg2+ {[%clk 0:00:40]} 33. Kxg2
{[%clk 0:00:04]} Qxe2+ {[%clk 0:00:40]} 34. Kg3 {[%clk 0:00:05]} Qxb2
{[%clk 0:00:31]} 35. Rf1 {[%clk 0:00:06]} Qxa2 {[%clk 0:00:29]} 36. Be5+
{[%clk 0:00:06]} Ke7 {[%clk 0:00:28]} 37. Rh1 {[%clk 0:00:04]} Qb3+
{[%clk 0:00:28]} 38. Kf4 {[%clk 0:00:05]} Qc2 {[%clk 0:00:26]} 39. Rh6
{[%clk 0:00:04]} Qd2+ {[%clk 0:00:27]} 0-1

[Event "Blitz 2018"]
[Site "Saint-Petersburg"]
[Date "2018.12.29"]
[Round "11"]
[Board "73"]
[White "Tomashevsky Evgeny (RUS)"]
[Black "Makoveev Ilya (RUS)"]
[Result "1-0"]
[LiveChessVersion "1.4.8"]
[BlackElo "2243"]
[WhiteElo "2602"]

1. c4 {[%clk 0:03:03]} e5 {[%clk 0:03:02]} 2. Nc3 {[%clk 0:03:04]} Nf6
{[%clk 0:03:03]} 3. Nf3 {[%clk 0:03:04]} Nc6 {[%clk 0:03:04]} 4. g3
{[%clk 0:03:04]} d5 {[%clk 0:03:05]} 5. cxd5 {[%clk 0:03:04]} Nxd5
{[%clk 0:03:05]} 6. Bg2 {[%clk 0:03:05]} Nb6 {[%clk 0:03:03]} 7. O-O
{[%clk 0:03:05]} Be7 {[%clk 0:03:02]} 8. d3 {[%clk 0:03:05]} O-O {[%clk 0:03:01]}
9. Be3 {[%clk 0:03:06]} Be6 {[%clk 0:02:49]} 10. Rc1 {[%clk 0:03:06]} f5
{[%clk 0:02:05]} 11. a3 {[%clk 0:03:05]} Bf6 {[%clk 0:02:03]} 12. Nd2
{[%clk 0:02:34]} Qe7 {[%clk 0:01:46]} 13. Na4 {[%clk 0:02:25]} Nd7
{[%clk 0:00:58]} 14. Bc5 {[%clk 0:01:49]} Nxc5 {[%clk 0:00:54]} 15. Nxc5
{[%clk 0:01:50]} Rab8 {[%clk 0:00:22]} 16. Nxe6 {[%clk 0:01:46]} Qxe6
{[%clk 0:00:23]} 17. b4 {[%clk 0:01:47]} Rfd8 {[%clk 0:00:06]} 18. Qb3
{[%clk 0:01:39]} Qxb3 {[%clk 0:00:05]} 19. Nxb3 {[%clk 0:01:40]} Rd6
{[%clk 0:00:03]} 20. Bxc6 {[%clk 0:01:30]} bxc6 {[%clk 0:00:03]} 21. Rc2
{[%clk 0:01:30]} e4 {[%clk 0:00:03]} 22. dxe4 {[%clk 0:01:24]} fxe4
{[%clk 0:00:05]} 23. Rfc1 {[%clk 0:01:21]} Rb6 {[%clk 0:00:06]} 24. Na5
{[%clk 0:01:20]} e3 {[%clk 0:00:06]} 25. Nc4 {[%clk 0:01:08]} exf2+
{[%clk 0:00:07]} 26. Kxf2 {[%clk 0:01:09]} Bg5 {[%clk 0:00:06]} 27. Nxd6
{[%clk 0:01:01]} Bxc1 {[%clk 0:00:06]} 28. Nc4 {[%clk 0:01:02]} 1-0